| Tag |
First Indicator |
Second Indicator |
Subfields |
| LEADER |
00000cam a22000004a 4500 |
| 001 |
in00004514549 |
| 005 |
20211012133416.0 |
| 008 |
990729s2000 paua bf 001 0 eng |
| 010 |
|
|
|a 99042878
|
| 020 |
|
|
|a 0781719437
|
| 020 |
|
|
|a 9780781719438
|
| 035 |
|
|
|a (OCoLC)ocm42022654
|
| 035 |
|
|
|a (OCoLC)42022654
|
| 035 |
|
|
|z (UtOrBLW)53715
|
| 035 |
|
|
|a 74888
|
| 040 |
|
|
|a DNLM/DLC
|c DLC
|d NLM
|d C#P
|d BAKER
|d BTCTA
|d YDXCP
|d IG#
|d UtOrBLW
|
| 042 |
|
|
|a pcc
|
| 049 |
|
|
|a TMVM
|c 1
|
| 060 |
1 |
0 |
|a WB 39
|b A236p 2000
|
| 100 |
1 |
|
|a Adler, Stephen N.
|
| 245 |
1 |
2 |
|a A pocket manual of differential diagnosis /
|c Stephen N. Adler, Dianne B. Gasbarra, Debra Adler-Klein.
|
| 250 |
|
|
|a Fourth edition.
|
| 264 |
|
1 |
|a Philadelphia :
|b Lippincott Williams & Wilkins,
|c [2000]
|
| 264 |
|
4 |
|c ©2000
|
| 300 |
|
|
|a xviii, 438 pages :
|b illustrations ;
|c 16 cm.
|
| 336 |
|
|
|a text
|2 rdacontent
|b txt
|
| 337 |
|
|
|a unmediated
|2 rdamedia
|
| 338 |
|
|
|a volume
|2 rdacarrier
|b nc
|
| 504 |
|
|
|a Includes bibliographical references and index.
|
| 650 |
|
0 |
|a Diagnosis, Differential
|v Handbooks, manuals, etc.
|
| 650 |
|
2 |
|a Diagnosis, Differential.
|
| 655 |
|
2 |
|a Handbooks.
|
| 700 |
1 |
|
|a Gasbarra, Dianne B.
|
| 700 |
1 |
|
|a Adler-Klein, Debra.
|
| 999 |
|
|
|a MARS
|
| 999 |
f |
f |
|s ad0744ea-6e53-3f58-a14c-b8daabb77a54
|i a615e792-b29b-31a0-afd8-e1074caa957d
|t 0
|
| 952 |
f |
f |
|p ric
|a Texas A&M University
|b Rellis Campus
|c Joint Library Facility
|d Remote Storage
|t 0
|e WB 39 A236p 2000
|h National Library of Medicine classification
|i unmediated -- volume
|m 3238902426905
|
| 998 |
f |
f |
|a WB 39 A236p 2000
|t 0
|l Remote Storage
|